000 01451cam a2200373 a 4500
003 CHAP
005 20220329142108.0
008 990621d1998 mx a r 00110 spa d
010 _a78353
011 _a79325
020 _a9688845256
035 _a89541
040 _cCHAP
082 0 4 _a575.2
_bL6
100 0 0 _aLópez Ríos, Georgina Florencia.
_968299
245 1 0 _aDiversidad vegetal
_c/por Georgina Florencia López Ríos
260 _aChapingo, Méx. :
_bUACH. Dirección General de Difusión Cultural,
_c1998.
300 _a207 p. :
_bilus.
590 _aBATCH-UPD
_b10
_c20130110
_lUCH01
_h1947
590 _aBATCH-UPD
_b10
_c20130410
_lUCH01
_h1309
590 _aBATCH-UPD
_b10
_c20130914
_lUCH01
_h0628
590 _aCONVERSION
_b10
_c20130109
_lUCH01
_h1343
650 1 4 _aBiodiversidad.
_912724
901 _aBK
905 _aAlejandra Carrasco M.
942 _cLIBRO
949 _a575.2 L6
_bBC
_cLIBRO
_d33724000729695
_eLIBRO
_fc.2
_h95808
_i89541
_si
949 _a575.2 L6
_bBC
_cLIBRO
_d33724000729703
_eLIBRO
_fc.3
_h95809
_i89541
_si
949 _a575.2 L6
_bBC
_cLIBRO
_d33724000729810
_eLIBRO
_fc.4
_h95810
_i89541
_si
949 _a575.2 L6
_bBC
_cLIBRO
_d33724000730040
_eLIBRO
_h95807
_i89541
_si
949 _a575.2 L6
_bBC
_cLIBRO
_d33724000754784
_eLIBRO
_fc.6
_gI. c/e
_h96033
_i89541
_so
_t60.00
949 _a575.2 L6
_bBC
_cLIBRO
_d33724002112157
_eLIBRO
_fc.7
_gI.c/e
_h111008
_i89541
_si
949 _a575.2 L6
_bBC
_cUACH
_d895415
_eUACH
_fc.5
_h95811
_i89541
_sb
999 _c78353
_d78353